[Event "Open Round-Robin"]
[Site "SchemingMind.com"]
[Date "2006.12.06"]
[Round "-"]
[White "peeuukoo"]
[Black "Nenad"]
[Result "0-1"]
[WhiteCountry "FIN"]
[BlackCountry "SLO"]
[WhiteElo "1974"]
[WhiteRD "92"]
[BlackElo "2263"]
[BlackRD "70"]
[GameID "80654"]

1. d4 Nf6 2. c4 c5 3. d5 e6 4. Nf3 d6 5. Nc3 exd5 6. cxd5 g6 7. e4 Bg7 8. Bd3 O-O 9. O-O a6 10. a4 Bg4
11. h3 Bxf3 12. Qxf3 Nbd7 13. Qd1 Re8 14. f4 c4 15. Bc2 b5 16. axb5 Qb6+ 17. Kh1 axb5 18. Rxa8 Rxa8 19. Qf3 b4 20. Be3 Qb8
21. Ne2 Ra2 22. Bd4 c3 23. Rb1 b3 24. Bxb3 Qxb3 25. Bxc3 Qc2 26. Rc1 Qxe4
0-1

[Event "Open Round-Robin"]
[Site "SchemingMind.com"]
[Date "2006.12.06"]
[Round "-"]
[White "peeuukoo"]
[Black "TheRa7en"]
[Result "1-0"]
[WhiteCountry "FIN"]
[BlackCountry "AUS"]
[WhiteElo "1963"]
[WhiteRD "119"]
[BlackElo "1380"]
[BlackRD "65"]
[GameID "80655"]

1. d4 d5 2. c4 dxc4 3. Nc3 Nf6 4. e4 e6 5. Bxc4 Bb4 6. Bd3 O-O 7. Ne2 Nc6 8. a3 Bxc3+ 9. bxc3 a5 10. O-O b6
11. Qc2 e5 12. d5 Ne7 13. f4 Ng6 14. fxe5 Ng4 15. Bb5 N6xe5 16. Nd4 a4 17. Bxa4 Nc4 18. Bc6 Nge3 19. Bxe3 Nxe3 20. Qe2 Nxf1
21. Bxa8 Nxh2 22. Kxh2 Qh4+ 23. Kg1 Bg4 24. Qa6 Qg5 25. Qd3 Rxa8 26. c4 Rd8 27. Re1 Qh4 28. Qe3 h5 29. Rf1 Qe7 30. Nc6 Qd6
31. Nxd8 Qxd8 32. e5 h4 33. Qf4 b5 34. Qxg4
1-0

[Event "Open Round-Robin"]
[Site "SchemingMind.com"]
[Date "2006.12.06"]
[Round "-"]
[White "peeuukoo"]
[Black "jhobeck"]
[Result "1-0"]
[WhiteCountry "FIN"]
[BlackCountry "USA"]
[WhiteElo "1980"]
[WhiteRD "98"]
[BlackElo "1261"]
[BlackRD "74"]
[GameID "80656"]

1. d4 d5 2. c4 e6 3. Nc3 c5 4. cxd5 cxd4 5. Qxd4 Nc6 6. Qd1 exd5 7. Qxd5 Be6 8. Qd2 Nd4 9. e3 Nc6 10. Bb5 a6
11. Bxc6+ bxc6 12. Nf3 Nf6 13. Ne5 Bd6 14. Nxc6 Qd7 15. Nd4 Bg4 16. f3 Bh5 17. Qf2 O-O 18. O-O Bb8 19. Nde2 Qd6 20. Ng3 Bg6
21. f4 Ng4 22. Qf3 Bd3 23. Rd1 Nf6 24. Qxa8 Ng4 25. Qf3 Nf6 26. h3 Qd8 27. e4 Ba7+ 28. Be3 Bd4 29. Rxd3 Qb6 30. Bxd4 Qxb2
31. Nd5 Qb5 32. Nxf6+ gxf6 33. Qg4+ Kh8 34. Bxf6#
1-0

[Event "Open Round-Robin"]
[Site "SchemingMind.com"]
[Date "2006.12.07"]
[Round "-"]
[White "Zugzwang"]
[Black "peeuukoo"]
[Result "0-1"]
[WhiteCountry "CAN"]
[BlackCountry "FIN"]
[WhiteElo "1490"]
[WhiteRD "61"]
[BlackElo "1963"]
[BlackRD "119"]
[GameID "80657"]

1. d4 d5 2. Nf3 Nf6 3. e3 Nc6 4. Bd3 Bg4 5. c4 e6 6. Qb3 Bxf3 7. gxf3 dxc4 8. Bxc4 Na5 9. Qb5+ c6 10. Qa4 Nxc4
11. Qxc4 Qa5+ 12. Bd2 Qh5 13. f4 Qf3 14. Rg1 Ne4 15. Qf1 Qh5 16. Nc3 Nxd2 17. Kxd2 O-O-O 18. Rc1 Qa5 19. Ke2 Kb8 20. Qd1 Qh5+
21. Kd3 Qxh2 22. Rc2 Qh4 23. Rg4 Qe7 24. Qb1 e5 25. fxe5 Qxe5 26. Re4 Qf5 27. Qh1 Bb4 28. Qh2+ Ka8 29. Qf4 Qg6 30. d5 Rxd5+
31. Nxd5 cxd5 32. f3 dxe4+ 33. fxe4 Rd8+ 34. Ke2 Qg2+
0-1

[Event "Open Round-Robin"]
[Site "SchemingMind.com"]
[Date "2006.12.07"]
[Round "-"]
[White "dadshane2000"]
[Black "peeuukoo"]
[Result "1/2-1/2"]
[WhiteCountry "USA"]
[BlackCountry "FIN"]
[WhiteElo "1822"]
[WhiteRD "73"]
[BlackElo "1980"]
[BlackRD "98"]
[GameID "80658"]

1. e4 e5 2. Nf3 Nc6 3. Bc4 Nf6 4. Ng5 d5 5. exd5 Na5 6. Bb5+ c6 7. dxc6 bxc6 8. Be2 h6 9. Nf3 e4 10. Ne5 Bd6
11. d4 Qc7 12. Bd2 Bxe5 13. dxe5 Qxe5 14. Bc3 Qg5 15. Qd6 Bg4 16. Bxg4 Rd8 17. Qe5+ Qxe5 18. Bxe5 Nxg4 19. Bc7 Rd5 20. Nc3 Rh5
21. Nxe4 O-O 22. O-O Rc8 23. Bxa5= Rxa5 24. h3 Ne5 25. b3 Rd5 26. c4 Rd4 27. Rfe1 Ng6 28. Rad1 Rcd8 29. Rxd4 Rxd4 30. Ng3 Kf8
31. Kf1 Nf4 32. Ne2 Nxe2 33. Rxe2 Rd1+ 34. Re1 Rd2 35. Re2 Rd1+ 36. Re1 Rd2=
1/2-1/2

[Event "Open Round-Robin"]
[Site "SchemingMind.com"]
[Date "2006.12.07"]
[Round "-"]
[White "dvaldez"]
[Black "peeuukoo"]
[Result "0-1"]
[WhiteCountry "CAN"]
[BlackCountry "FIN"]
[WhiteElo "1883"]
[WhiteRD "76"]
[BlackElo "1980"]
[BlackRD "98"]
[GameID "80659"]

1. e4 e5 2. Nf3 Nc6 3. Bb5 a6 4. Ba4 Nf6 5. O-O Be7 6. Re1 b5 7. Bb3 O-O 8. a4 Bb7 9. d3 d6 10. c3 b4
11. Nbd2 bxc3 12. bxc3 Na5 13. Bc2 Rb8 14. Nf1 c5 15. Ng3 Re8 16. Nf5 Bf8 17. Bg5 Nc6 18. h3 Bc8 19. Ne3 Ne7 20. Bxf6 gxf6
21. Nh4 Ng6 22. Nhf5 Bg7 23. g3 Bxf5 24. Nxf5 Ne7 25. Qh5 Nxf5 26. exf5 Qa5 27. c4 Qc3 28. Rec1 Rb2 29. Qd1 Bh6 30. Rcb1 Rxc2
31. Qg4+ Bg7 32. h4 Qxd3 33. Rb7 Qd4
0-1

[Event "Open Round-Robin"]
[Site "SchemingMind.com"]
[Date "2006.12.07"]
[Round "-"]
[White "Nenad"]
[Black "peeuukoo"]
[Result "1-0"]
[WhiteCountry "SLO"]
[BlackCountry "FIN"]
[WhiteElo "2227"]
[WhiteRD "72"]
[BlackElo "1955"]
[BlackRD "87"]
[GameID "80660"]

1. d4 d5 2. c4 e6 3. Nf3 c6 4. Bg5 Nf6 5. e3 Nbd7 6. Nc3 Bb4 7. Qc2 Qa5 8. Nd2 O-O 9. Be2 Re8 10. O-O dxc4
11. Bxf6 Nxf6 12. Nxc4 Qg5 13. f4 Qh6 14. Rf3 g6 15. a3 Be7 16. Ne5 Qg7 17. Rd1 Nd5 18. Bc4 Nb6 19. Bb3 Nd5 20. e4 Nc7
21. Qf2 Rf8 22. Rh3 Bf6 23. Ng4 Be7 24. Bc4 b6 25. f5 Ne8 26. Ne5 Nd6 27. Nxc6 Nxc4 28. Nxe7+ Kh8 29. f6
1-0

[Event "Open Round-Robin"]
[Site "SchemingMind.com"]
[Date "2006.12.07"]
[Round "-"]
[White "TheRa7en"]
[Black "peeuukoo"]
[Result "0-1"]
[WhiteCountry "AUS"]
[BlackCountry "FIN"]
[WhiteElo "1380"]
[WhiteRD "65"]
[BlackElo "1963"]
[BlackRD "119"]
[GameID "80661"]

1. e4 e5 2. Nf3 Nc6 3. Bb5 a6 4. Bxc6 dxc6 5. O-O Bg4 6. d4 Bxf3 7. Qxf3 Qxd4 8. Nd2 Nf6 9. c3 Qd7 10. Rd1 O-O-O
11. b4 Qd3 12. Qf5+ Kb8 13. Qxe5 Nxe4 14. Qf4 Nxc3 15. Ba3 Ne2+
0-1

[Event "Open Round-Robin"]
[Site "SchemingMind.com"]
[Date "2006.12.06"]
[Round "-"]
[White "jhobeck"]
[Black "peeuukoo"]
[Result "0-1"]
[WhiteCountry "USA"]
[BlackCountry "FIN"]
[WhiteElo "1261"]
[WhiteRD "74"]
[BlackElo "1980"]
[BlackRD "98"]
[GameID "80662"]

1. e4 e5 2. f4 d5 3. exd5 e4 4. d3 Nf6 5. dxe4 Nxe4 6. Nf3 Bc5 7. Qe2 Bf5 8. Nc3 Bb4 9. Qb5+ Nc6 10. Qxb7 Qxd5
11. Qxa8+ Ke7 12. Qxh8 Nd4 13. Qb8 Nxc2+ 14. Ke2 Qc4+ 15. Kd1 Nf2+ 16. Kd2 Bd3 17. Rg1 Qxf4#
0-1

[Event "Open Round-Robin"]
[Site "SchemingMind.com"]
[Date "2006.12.07"]
[Round "-"]
[White "e_castle3"]
[Black "Zugzwang"]
[Result "1-0"]
[WhiteCountry "PHI"]
[BlackCountry "CAN"]
[WhiteElo "1764"]
[WhiteRD "68"]
[BlackElo "1446"]
[BlackRD "58"]
[GameID "80664"]

1. e4 e5 2. Nf3 Nf6 3. Nc3 Bb4 4. d3 d6 5. Bd2 O-O 6. Be2 Bxc3 7. Bxc3 Nc6 8. O-O b6 9. Bd2 h6 10. c3 d5
11. Qc2 d4 12. cxd4 Nxd4 13. Nxd4 exd4 14. f4 c5 15. h3 Re8 16. Rf3 Nxe4 17. dxe4 Bb7 18. Bd3 Qh4 19. Kh2 Re6 20. f5 Rc6
21. Rf4 Qf6 22. Re1 g5 23. fxg6 Qe5 24. gxf7+ Kg7 25. g3 Rf8 26. Ref1 h5 27. Rf5 Qd6 28. Rg5+ Kh8 29. Rxh5+
1-0

[Event "Open Round-Robin"]
[Site "SchemingMind.com"]
[Date "2006.12.06"]
[Round "-"]
[White "e_castle3"]
[Black "dadshane2000"]
[Result "1-0"]
[WhiteCountry "PHI"]
[BlackCountry "USA"]
[WhiteElo "1737"]
[WhiteRD "67"]
[BlackElo "1860"]
[BlackRD "67"]
[GameID "80665"]

1. e4 e5 2. Nf3 Nc6 3. Bb5 a6 4. Ba4 Nf6 5. O-O Be7 6. Re1 b5 7. Bb3 d6 8. c3 O-O 9. d4 Bg4 10. Bc2 Na5
11. b3 exd4 12. cxd4 c5 13. d5 Qc7 14. h3 Bc8 15. Bb2 c4 16. b4 Nb7 17. Nc3 Bd7 18. Qd4 a5 19. a3 Nh5 20. e5 axb4
21. axb4 dxe5 22. Rxe5 Bf6 23. Rae1 Bxe5 24. Rxe5 Nf6 25. Rg5 Ne8 26. Ne4 f6 27. Rg3 Nbd6 28. Nxd6 Qxd6 29. Qh4 g6 30. Qh6 Ng7
31. Ng5
1-0

[Event "Open Round-Robin"]
[Site "SchemingMind.com"]
[Date "2006.12.06"]
[Round "-"]
[White "e_castle3"]
[Black "dvaldez"]
[Result "0-1"]
[WhiteCountry "PHI"]
[BlackCountry "CAN"]
[WhiteElo "1764"]
[WhiteRD "68"]
[BlackElo "1906"]
[BlackRD "79"]
[GameID "80666"]

1. e4 c5 2. Nf3 d6 3. Bc4 Nf6 4. Nc3 e6 5. O-O Be7 6. Re1 O-O 7. d4 cxd4 8. Nxd4 a6 9. a3 Qc7 10. Bf1 Nc6
11. Be3 b5 12. f3 Bb7 13. Nce2 Rac8 14. c3 Rfd8 15. Rc1 Ne5 16. Rc2 Nc4 17. Bf2 d5 18. Qc1 dxe4 19. Ng3 exf3 20. Nxf3 Ng4
21. Bd4 Na5 22. Kh1 Nb3 23. Qd1 Bxf3 24. Qxf3 Nxd4 25. cxd4 Qxc2 26. Qxg4 Qxb2 27. Rd1 Rd5 28. Nh5 g6 29. Ng3 Rc1 30. Rd3 Qb1
31. Rf3 Bd6 32. Kg1 Qb2 33. Ne2 Qxe2
0-1

[Event "Open Round-Robin"]
[Site "SchemingMind.com"]
[Date "2006.12.06"]
[Round "-"]
[White "e_castle3"]
[Black "Nenad"]
[Result "0-1"]
[WhiteCountry "PHI"]
[BlackCountry "SLO"]
[WhiteElo "1737"]
[WhiteRD "67"]
[BlackElo "2227"]
[BlackRD "72"]
[GameID "80667"]

1. e4 e5 2. Nf3 Nc6 3. Bb5 a6 4. Ba4 Nf6 5. O-O Be7 6. Re1 b5 7. Bb3 O-O 8. c3 d6 9. d4 Bg4 10. d5 Na5
11. Bc2 c6 12. b4 Nc4 13. dxc6 Qc7 14. h3 Be6 15. Nbd2 Qxc6 16. Bd3 Nb6 17. Bb2 Nh5 18. Bf1 Nf4 19. Kh2 Na4 20. Qc2 f5
21. Rab1 fxe4 22. Nxe4 Bxa2 23. Ba1 Bxb1 24. Qxb1 Kh8 25. Qc2 Nd5 26. Qd3 Rac8 27. g3 Ndxc3 28. Rc1 Qxe4
0-1

[Event "Open Round-Robin"]
[Site "SchemingMind.com"]
[Date "2006.12.06"]
[Round "-"]
[White "e_castle3"]
[Black "TheRa7en"]
[Result "1-0"]
[WhiteCountry "PHI"]
[BlackCountry "AUS"]
[WhiteElo "1737"]
[WhiteRD "67"]
[BlackElo "1348"]
[BlackRD "77"]
[GameID "80668"]

1. d4 d5 2. Nf3 e6 3. c4 c5 4. cxd5 exd5 5. dxc5 Bxc5 6. Bf4 Nf6 7. e3 O-O 8. Bd3 Nc6 9. Nbd2 Bg4 10. Qc2 Bb4
11. O-O Bxd2 12. Nxd2 Nb4 13. Qb3 Nxd3 14. Qxd3 Rc8 15. Nb3 Nh5 16. Be5 a6 17. Rac1 Rxc1 18. Rxc1 Qg5 19. f4 Qh4 20. Qxd5 Rd8
21. Qxb7 h6 22. Nd4 f6 23. Bc7 Re8 24. e4 a5 25. e5 Be6 26. Nxe6 Rxe6 27. Bxa5 Nxf4 28. Rc8+ Kh7 29. Qe4+ Ng6 30. Qxh4 Nxh4
31. exf6 Rxf6 32. Bc3 Rg6 33. g3 Nf5 34. Kf2 Rg5 35. a4 Nd6 36. Rc6 Ne4+ 37. Ke3 Nxc3 38. Rxc3 Rh5 39. h4 Kh8 40. b4 Re5+
41. Kf4 Re6 42. a5 Rd6 43. Ke5 Rd2 44. b5 Ra2 45. a6
1-0

[Event "Open Round-Robin"]
[Site "SchemingMind.com"]
[Date "2006.12.06"]
[Round "-"]
[White "e_castle3"]
[Black "jhobeck"]
[Result "1-0"]
[WhiteCountry "PHI"]
[BlackCountry "USA"]
[WhiteElo "1725"]
[WhiteRD "70"]
[BlackElo "1305"]
[BlackRD "71"]
[GameID "80669"]

1. e4 d5 2. exd5 Qxd5 3. Nc3 Qa5 4. Nf3 Nf6 5. Be2 Bf5 6. O-O c6 7. Re1 Nbd7 8. d3 Qb6 9. h3 e6 10. Rb1 Bd6
11. Be3 Qd8 12. Bf1 O-O 13. g4 Bg6 14. Bg2 Bb8 15. Qe2 Qc7 16. b4 Ne5 17. Nxe5 Qxe5 18. Qd2 Rd8 19. f4 Qc7 20. Qf2 b6
21. Bd2 a6 22. a4 h6 23. b5 axb5 24. axb5 c5 25. Bxa8 e5 26. fxe5 Qd7 27. exf6 Bxd3 28. cxd3 Qxd3 29. Rbd1 Qxh3 30. Bf3 Rd3
31. Re8+ Kh7 32. Be4+ g6 33. Bxd3 Qxg4+ 34. Qg2 Qd4+ 35. Be3 Qxc3 36. Rxb8 Qb3 37. Bc2 Qxe3+ 38. Qf2 Qg5+ 39. Kf1 h5 40. Rf8 h4
41. Rxf7+ Kh6 42. Rg7 Kh5 43. Qf3+ Kh6 44. Rxg6+
1-0

[Event "Open Round-Robin"]
[Site "SchemingMind.com"]
[Date "2006.12.08"]
[Round "-"]
[White "e_castle3"]
[Black "peeuukoo"]
[Result "0-1"]
[WhiteCountry "PHI"]
[BlackCountry "FIN"]
[WhiteElo "1764"]
[WhiteRD "68"]
[BlackElo "1974"]
[BlackRD "92"]
[GameID "80670"]

1. e4 e5 2. Nf3 Nc6 3. Bb5 a6 4. Ba4 Nf6 5. O-O Be7 6. Re1 b5 7. Bb3 O-O 8. c3 d6 9. d4 Bg4 10. Bc2 h6
11. Be3 Na5 12. b3 c6 13. h3 Bh5 14. Nbd2 Qc7 15. Bd3 c5 16. d5 c4 17. bxc4 Nxc4 18. Nxc4 bxc4 19. Bc2 Rab8 20. g4 Bg6
21. Bd2 Nd7 22. Qe2 Nb6 23. Be3 Nd7 24. Ba4 Bxe4 25. Bc6 Nf6 26. Red1 Bd3 27. Qd2 Ne4 28. Qc1 Be2
0-1

[Event "Open Round-Robin"]
[Site "SchemingMind.com"]
[Date "2006.12.08"]
[Round "-"]
[White "Zugzwang"]
[Black "e_castle3"]
[Result "0-1"]
[WhiteCountry "CAN"]
[BlackCountry "PHI"]
[WhiteElo "1485"]
[WhiteRD "58"]
[BlackElo "1775"]
[BlackRD "72"]
[GameID "80671"]

1. d4 Nf6 2. Nf3 d5 3. e3 Bg4 4. c4 c6 5. Qb3 Qc7 6. Ne5 Bh5 7. cxd5 cxd5 8. Bb5+ Nbd7 9. O-O e6 10. Nc3 a6
11. Bxd7+ Nxd7 12. f4 Nxe5 13. dxe5 Be7 14. Bd2 O-O 15. Rac1 Qd7 16. Rf2 f6 17. Rcf1 fxe5 18. fxe5 b5 19. e4 Bc5 20. exd5 Rxf2
21. Rxf2 Rf8 22. Ne4 Bxf2+ 23. Nxf2 Qxd5 24. Qxd5 exd5 25. Nd3 Be2
0-1

[Event "Open Round-Robin"]
[Site "SchemingMind.com"]
[Date "2006.12.06"]
[Round "-"]
[White "dadshane2000"]
[Black "e_castle3"]
[Result "1/2-1/2"]
[WhiteCountry "USA"]
[BlackCountry "PHI"]
[WhiteElo "1856"]
[WhiteRD "67"]
[BlackElo "1764"]
[BlackRD "68"]
[GameID "80672"]

1. e4 e5 2. Nf3 Nc6 3. Bb5 d6 4. d4 exd4 5. Nxd4 Bd7 6. Nc3 Nxd4 7. Bxd7+ Qxd7 8. Qxd4 Ne7 9. Be3 Nc6 10. Qd2 O-O-O
11. O-O-O Be7 12. f4 Bf6 13. Nd5 Qe6 14. Nxf6 Qxf6 15. Qd3 Rhe8 16. Rhe1 Re7 17. g3 Rde8 18. Bd2 Qe6 19. Kb1 f6 20. f5 Qf7
21. Bc3=
1/2-1/2

[Event "Open Round-Robin"]
[Site "SchemingMind.com"]
[Date "2006.12.08"]
[Round "-"]
[White "dvaldez"]
[Black "e_castle3"]
[Result "1-0"]
[WhiteCountry "CAN"]
[BlackCountry "PHI"]
[WhiteElo "1906"]
[WhiteRD "79"]
[BlackElo "1764"]
[BlackRD "68"]
[GameID "80673"]

1. e4 e5 2. Nf3 Nc6 3. Bb5 d6 4. O-O Bd7 5. c3 a6 6. Ba4 b5 7. Bc2 Nf6 8. d4 Bg4 9. Be3 Be7 10. Nbd2 O-O
11. h3 Bh5 12. Re1 h6 13. Nf1 Qe8 14. Ng3 Bg6 15. Nh4 Bh7 16. Nhf5 Bd8 17. a4 Ne7 18. dxe5 dxe5 19. Nxh6+ gxh6 20. Bxh6 Qc6
21. axb5 axb5 22. Bxf8 Kxf8 23. Qd3 Rxa1 24. Qxd8+
1-0

[Event "Open Round-Robin"]
[Site "SchemingMind.com"]
[Date "2006.12.08"]
[Round "-"]
[White "TheRa7en"]
[Black "e_castle3"]
[Result "0-1"]
[WhiteCountry "AUS"]
[BlackCountry "PHI"]
[WhiteElo "1353"]
[WhiteRD "74"]
[BlackElo "1764"]
[BlackRD "68"]
[GameID "80675"]

1. e4 g6 2. d4 Bg7 3. e5 d6 4. Nf3 dxe5 5. Be2 exd4 6. O-O Nc6 7. c3 dxc3 8. Nxc3 Qxd1 9. Rxd1 e6 10. Bb5 Bd7
11. Ne4 O-O-O 12. Nc5 Nf6 13. Bg5 h6 14. Be3 Nd5 15. Nxd7 Rxd7 16. Bxc6 bxc6 17. Bxa7 Rhd8 18. Re1 Nb6 19. Rac1 Kb7 20. Bxb6 cxb6
21. g3 Bxb2 22. Rb1 Bg7 23. Rb3 Rd1 24. a4 Rxe1+ 25. Nxe1 Rd1 26. Kf1 Ra1 27. Rb4 Bc3 28. Re4 Bxe1 29. Rxe1 Rxe1+
0-1

[Event "Open Round-Robin"]
[Site "SchemingMind.com"]
[Date "2006.12.08"]
[Round "-"]
[White "jhobeck"]
[Black "e_castle3"]
[Result "0-1"]
[WhiteCountry "USA"]
[BlackCountry "PHI"]
[WhiteElo "1314"]
[WhiteRD "74"]
[BlackElo "1737"]
[BlackRD "67"]
[GameID "80676"]

1. e4 g6 2. d4 Bg7 3. Nc3 e5 4. Nf3 exd4 5. Nxd4 Ne7 6. Be3 O-O 7. Bc4 Nbc6 8. O-O d6 9. f4 Na5 10. Be2 c5
11. Ndb5 Bxc3 12. Nxc3 a6 13. Bf3 Nc4 14. Bf2 Nxb2 15. Qe2 b5 16. Rae1 Bb7 17. Rb1 Nc4 18. Bg4 Re8 19. Bh4 Qc7 20. Bf6 Na3
21. Rbe1 b4 22. Nd5 Nxd5 23. Qc4 Nxc4 24. f5 Nxf6 25. Be2 Nd2 26. Rf4 Nfxe4 27. fxg6 hxg6 28. Bc4 d5 29. Bd3 c4 30. Be2 Qc5+
31. Kh1 Nf2+ 32. Kg1 Nh3+ 33. Kh1 Nxf4 34. h3 Rxe2
0-1